| 000 | 00365nam a2200145Ia 4500 | ||
|---|---|---|---|
| 008 | 230917s9999||||xx |||||||||||||| ||und|| | ||
| 040 |
_e117777 _aMAIN |
||
| 041 | _aEnglish | ||
| 082 | _a547.139 M896R | ||
| 100 | _aMukherji, S.M. | ||
| 245 | 0 | _aReaction mechanism in organic Chemistry | |
| 260 |
_aMadras _bMacmillan _c1976 |
||
| 300 | _avii,553p p. | ||
| 942 | _cBK | ||
| 999 |
_c77565 _d77565 |
||